[Event "AUT-chT2M 2122"]
[Site "Austria"]
[Date "2021.10.23"]
[Round "5.2"]
[White "Alekseenko, Kirill"]
[Black "Kuba, Guenter"]
[Result "1-0"]
[WhiteElo "2710"]
[BlackElo "2339"]
[PlyCount "79"]
[EventDate "2021.10.01"]
[EventType "team-tourn"]
[EventRounds "11"]
[EventCountry "AUT"]
[SourceTitle "EXT 2023"]
[Source "ChessBase"]
[SourceDate "2022.10.05"]
[SourceVersion "1"]
[SourceVersionDate "2022.10.05"]
[SourceQuality "1"]
[WhiteTeam "Linz ASV"]
[BlackTeam "Fuerstenfeld/Hartberg"]
[WhiteTeamCountry "AUT"]
[BlackTeamCountry "AUT"]

1. e4 e5 2. Nf3 Nc6 3. Bb5 a6 4. Ba4 Nf6 5. Nc3 d6 6. Bxc6+ bxc6 7. d4 exd4 8. Nxd4 Bd7 9. h3 g6 10. Bg5 Bg7 11. 0-0 0-0 12. Qd2 Re8 13. Rae1 Qb8 14. Nb3 Be6 15. f4 Qb6+ 16. Kh2 Nd7 17. f5 Bc4 18. Rf3 Be5+ 19. Bf4 Bxb3 20. axb3 Qd4 21. Qc1 Bxf4+ 22. Rxf4 Qe5 23. Kh1 Nf6 24. Rh4 Qg3 25. Rf4 g5 26. Ne2 Qxe1+ 27. Qxe1 gxf4 28. Qh4 Nxe4 29. Nxf4 Kh8 30. Kh2 Re5 31. Nd3 Ree8 32. Qh5 Re7 33. Nb4 Rg8 34. Qh4 Ree8 35. Nxc6 f6 36. Nd4 Re5 37. g4 c5 38. Ne6 d5 39. Qh6 d4 40. Nf8 1-0

[Event "AUT-ch Vor3 Internet"]
[Site "Playchess.com INT"]
[Date "2020.04.17"]
[Round "2"]
[White "Kuba, Guenter"]
[Black "Rosol, Philip"]
[Result "1-0"]
[WhiteElo "2348"]
[BlackElo "1468"]
[PlyCount "59"]
[EventDate "2020.04.17"]
[EventType "swiss (blitz)"]
[EventRounds "9"]
[EventCountry "AUT"]
[SourceTitle "CBM 195 Extra"]
[Source "ChessBase"]
[SourceDate "2020.05.31"]
[SourceVersion "1"]
[SourceVersionDate "2020.05.31"]
[SourceQuality "1"]

1. e4 d6 2. d4 Nf6 3. Nc3 e5 4. Nge2 Nbd7 5. g3 Be7 6. Bg2 0-0 7. 0-0 c6 8. a4 a5 9. h3 Qc7 10. f4 exd4 11. Nxd4 Re8 12. g4 h6 13. Nf5 Bf8 14. Be3 Nc5 15. Ng3 g6 16. Qd2 Bg7 17. Rad1 h5 18. g5 Nh7 19. Qxd6 Qxd6 20. Rxd6 Bxc3 21. bxc3 Nxa4 22. Bd4 Be6 23. f5 Bc4 24. Ra1 Nb2 25. fxg6 Nxg5 26. Nxh5 Re6 27. Nf6+ Kf8 28. Rd7 fxg6 29. Bc5+ Rd6 30. Bxd6# 1-0

[Event "AUT-ch Vor3 Internet"]
[Site "Playchess.com INT"]
[Date "2020.04.17"]
[Round "3"]
[White "Maierhofer, Johann"]
[Black "Kuba, Guenter"]
[Result "0-1"]
[WhiteElo "2087"]
[BlackElo "2348"]
[PlyCount "110"]
[EventDate "2020.04.17"]
[EventType "swiss (blitz)"]
[EventRounds "9"]
[EventCountry "AUT"]
[SourceTitle "CBM 195 Extra"]
[Source "ChessBase"]
[SourceDate "2020.05.31"]
[SourceVersion "1"]
[SourceVersionDate "2020.05.31"]
[SourceQuality "1"]

1. e4 e5 2. Nc3 Nf6 3. Bc4 Nc6 4. d3 Bb4 5. Nge2 d5 6. exd5 Nxd5 7. 0-0 Nxc3 8. bxc3 Bd6 9. Be3 0-0 10. Qd2 Kh8 11. f3 a6 12. a4 f5 13. Rab1 b6 14. Bg5 Qe8 15. Ng3 Bd7 16. Qe2 Qg6 17. Bd2 Na5 18. Bd5 Rae8 19. Ra1 e4 20. fxe4 Bxg3 21. hxg3 Qxg3 22. Rf3 Qg6 23. Raf1 Rf6 24. Bf4 c6 25. Ba2 fxe4 26. dxe4 b5 27. axb5 axb5 28. e5 Rff8 29. Re3 Be6 30. Bxe6 Rxe6 31. Bg3 Rxf1+ 32. Qxf1 Qe8 33. Rf3 Kg8 34. Qd3 Nc4 35. Bh2 Nxe5 36. Bxe5 Rxe5 37. Qd6 Re1+ 38. Rf1 Rxf1+ 39. Kxf1 Qf8+ 40. Qxf8+ Kxf8 41. Kf2 Ke7 42. Ke3 Kd6 43. Ke4 Kc5 44. Ke5 Kc4 45. Kd6 h5 46. Kxc6 g5 47. Kd6 h4 48. Ke5 g4 49. Kf4 h3 50. gxh3 gxh3 51. Kg3 Kxc3 52. Kxh3 Kxc2 53. Kg3 b4 54. Kf3 b3 55. Ke3 b2 0-1

[Event "AUT-ch Vor3 Internet"]
[Site "Playchess.com INT"]
[Date "2020.04.17"]
[Round "5"]
[White "Sadilek, Peter"]
[Black "Kuba, Guenter"]
[Result "1-0"]
[WhiteElo "2340"]
[BlackElo "2348"]
[PlyCount "105"]
[EventDate "2020.04.17"]
[EventType "swiss (blitz)"]
[EventRounds "9"]
[EventCountry "AUT"]
[SourceTitle "CBM 195 Extra"]
[Source "ChessBase"]
[SourceDate "2020.05.31"]
[SourceVersion "1"]
[SourceVersionDate "2020.05.31"]
[SourceQuality "1"]

1. d4 d5 2. c4 Nc6 3. Nc3 Nf6 4. Nf3 dxc4 5. e4 Bg4 6. d5 Ne5 7. Bf4 Ng6 8. Bg3 e5 9. dxe6 Qxd1+ 10. Rxd1 Bxe6 11. Nd4 Bd7 12. Bxc4 Bb4 13. 0-0 Bxc3 14. bxc3 c6 15. Bd6 0-0-0 16. e5 Ne4 17. Bxf7 Nxc3 18. Rde1 Be8 19. Be6+ Bd7 20. f4 Bxe6 21. Nxe6 Rd7 22. f5 Ne7 23. Nc5 Ned5 24. Nxd7 Kxd7 25. Bc5 b6 26. e6+ Ke8 27. Bd4 Rg8 28. Rf3 Nb5 29. Be5 Ke7 30. Rh3 h6 31. Rg3 g5 32. a4 Nd6 33. Bxd6+ Kxd6 34. Rh3 Rh8 35. Rd3 Ke7 36. Rd2 Kd6 37. Rc1 Rf8 38. Rf1 Ke7 39. g4 Kd6 40. h3 Ke7 41. Kg2 Kf6 42. Rxd5 cxd5 43. Rc1 Ke5 44. Kf3 d4 45. Rc7 Kd6 46. Rd7+ Ke5 47. Rxa7 Rc8 48. Ke2 Ke4 49. f6 d3+ 50. Kd1 Ke3 51. e7 d2 52. e8Q+ Rxe8 53. Re7+ 1-0

[Event "AUT-chT2M 1920"]
[Site "Austria"]
[Date "2019.11.10"]
[Round "6.4"]
[White "Postlmayer, Jakob"]
[Black "Kuba, Guenter"]
[Result "0-1"]
[WhiteElo "2204"]
[BlackElo "2338"]
[PlyCount "76"]
[EventDate "2019.10.11"]
[EventType "team-tourn"]
[EventRounds "11"]
[EventCountry "AUT"]
[SourceTitle "CBM 192 Extra"]
[Source "Chessbase"]
[SourceDate "2019.11.06"]
[SourceVersion "1"]
[SourceVersionDate "2019.11.06"]
[SourceQuality "1"]
[WhiteTeam "Freistadt/Wartberg"]
[BlackTeam "Fuerstenfeld/Hartberg II"]
[WhiteTeamCountry "AUT"]
[BlackTeamCountry "AUT"]

1. c4 e5 2. Nc3 Nf6 3. Nf3 Nc6 4. e3 Bb4 5. Qc2 Bxc3 6. bxc3 0-0 7. e4 d6 8. g3 h6 9. Bg2 Nh7 10. Nh4 Ne7 11. 0-0 Be6 12. d3 c6 13. Rb1 Qd7 14. a4 f5 15. exf5 Nxf5 16. Nf3 b6 17. a5 Rab8 18. axb6 axb6 19. Re1 Nf6 20. Ba3 Rfc8 21. d4 e4 22. Nd2 d5 23. f3 e3 24. Nf1 dxc4 25. Bc1 Nd5 26. Qb2 b5 27. g4 Nh4 28. Nxe3 Nxe3 29. Bxe3 Bd5 30. Bf4 Ra8 31. Bg3 Nxf3+ 32. Bxf3 Bxf3 33. g5 h5 34. Qf2 Rf8 35. Ra1 Rxa1 36. Rxa1 Qg4 37. h4 Bd5 38. Qh2 Rf3 0-1

[Event "Niederoesterreich Landesliga 1920"]
[Site "Austria"]
[Date "2019.09.22"]
[Round "1.2"]
[White "Kuba, Guenter"]
[Black "Mostbauer, Florian"]
[Result "0-1"]
[WhiteElo "2338"]
[BlackElo "2338"]
[PlyCount "88"]
[EventDate "2019.09.22"]
[EventType "team-tourn"]
[EventRounds "9"]
[EventCountry "AUT"]
[SourceTitle "CBM 195 Extra"]
[Source "ChessBase"]
[SourceDate "2020.05.31"]
[SourceVersion "1"]
[SourceVersionDate "2020.05.31"]
[SourceQuality "1"]
[WhiteTeam "Krems Voest"]
[BlackTeam "Boehlerwerk"]
[WhiteTeamCountry "AUT"]
[BlackTeamCountry "AUT"]

1. e4 c6 2. d4 d5 3. Nd2 dxe4 4. Nxe4 Nd7 5. Ng5 Ngf6 6. Bd3 e6 7. N1f3 Bd6 8. Qe2 h6 9. Ne4 Nxe4 10. Qxe4 Nf6 11. Qe2 Qc7 12. Bd2 b6 13. 0-0-0 Bb7 14. Ne5 0-0-0 15. f4 Kb8 16. Kb1 c5 17. dxc5 Bxc5 18. Rhe1 h5 19. g3 Ng4 20. Nxg4 hxg4 21. Qxg4 Rxh2 22. f5 e5 23. Qxg7 e4 24. Be2 Rxe2 25. Rxe2 e3 26. Qg4 exd2 27. Rexd2 Rxd2 28. Rxd2 Qe5 29. a3 Bc8 30. Rd3 Qxf5 31. Qe2 Qe6 32. Qd2 Qe5 33. Qd1 Be7 34. Qd2 Bf6 35. Qb4 Kb7 36. Rf3 Be6 37. Rf4 Bd5 38. c4 Be6 39. Ka1 Bg5 40. Rf3 Qe2 41. Qc3 Bxc4 42. b3 Be6 43. a4 a5 44. Qd3 Bf6+ 0-1

[Event "AUT-chT2M 1819"]
[Site "Austria"]
[Date "2019.03.03"]
[Round "11.4"]
[White "Tomazini, Zan"]
[Black "Kuba, Guenter"]
[Result "0-1"]
[WhiteElo "2436"]
[BlackElo "2333"]
[PlyCount "80"]
[EventDate "2018.10.19"]
[EventType "team-tourn"]
[EventRounds "11"]
[EventCountry "AUT"]
[SourceTitle "CBM 189 Extra"]
[Source "ChessBase"]
[SourceDate "2019.06.03"]
[SourceVersion "1"]
[SourceVersionDate "2019.06.03"]
[SourceQuality "1"]
[WhiteTeam "Maria Saal II"]
[BlackTeam "Fuerstenfeld/Hartberg"]
[WhiteTeamCountry "AUT"]
[BlackTeamCountry "AUT"]

1. e4 e5 2. Nf3 Nc6 3. Bc4 Bc5 4. d3 Nf6 5. Bb3 a6 6. h3 d6 7. c3 h6 8. Nbd2 Be6 9. Bc2 Qd7 10. Qe2 Ba7 11. Nf1 b5 12. Be3 d5 13. Bxa7 Rxa7 14. Ng3 0-0 15. a4 Raa8 16. d4 Nxe4 17. Nxe4 dxe4 18. Nxe5 Nxe5 19. dxe5 f5 20. exf6 Bc4 21. Qe3 Rxf6 22. Rd1 Qf7 23. Bxe4 Re8 24. f3 Qg6 25. Rd2 Qg3+ 26. Kd1 Rfe6 27. Qc5 Bb3+ 28. Kc1 bxa4 29. Qf5 Rxe4 30. fxe4 a3 31. Kb1 Qe3 32. Qd7 Qxe4+ 33. Qd3 Qe1+ 34. Rd1 Qf2 35. Qd2 Re2 36. Qd8+ Kh7 37. Qd3+ Kh8 38. Rhf1 Rxb2+ 39. Kc1 Rc2+ 40. Kb1 Rc1+ 0-1

[Event "AUT-chT2M 1718"]
[Site "Austria"]
[Date "2017.11.26"]
[Round "6.3"]
[White "Kuba, Guenter"]
[Black "Genser, Harald"]
[Result "1-0"]
[WhiteElo "2338"]
[BlackElo "2303"]
[PlyCount "73"]
[EventDate "2017.10.27"]
[EventType "team-tourn"]
[EventRounds "11"]
[EventCountry "AUT"]
[SourceTitle "CBM 181 Extra"]
[Source "ChessBase"]
[SourceDate "2017.12.12"]
[SourceVersion "1"]
[SourceVersionDate "2017.12.12"]
[SourceQuality "1"]
[WhiteTeam "Fuerstenfeld/Hartberg"]
[BlackTeam "Die Klagenfurter"]
[WhiteTeamCountry "AUT"]
[BlackTeamCountry "AUT"]

1. e4 e6 2. d4 d5 3. Nd2 c5 4. exd5 Qxd5 5. dxc5 Nf6 6. Ngf3 Nbd7 7. Bc4 Qxc5 8. 0-0 Be7 9. a3 0-0 10. Bd3 b6 11. b4 Qh5 12. c4 a5 13. Rb1 axb4 14. axb4 Bb7 15. Re1 Rfd8 16. Qb3 Bd6 17. Bb2 Ng4 18. h3 Nge5 19. Be4 Bxe4 20. Rxe4 Nxf3+ 21. Nxf3 Be7 22. Rd1 Nf6 23. Red4 Rxd4 24. Bxd4 b5 25. Be5 bxc4 26. Qxc4 Nd5 27. Qc6 Rf8 28. b5 Bd8 29. Bd6 Be7 30. Rxd5 Qxd5 31. Qxd5 exd5 32. Bxe7 Rb8 33. Nd4 f6 34. Bc5 Rb7 35. b6 Kf7 36. Nc6 Ke8 37. Na5 1-0

[Event "AUT-chT2M 1516"]
[Site "Austria"]
[Date "2016.04.17"]
[Round "11.6"]
[White "Kuba, Guenter"]
[Black "Kozul, Zdenko"]
[Result "0-1"]
[WhiteElo "2370"]
[BlackElo "2614"]
[PlyCount "64"]
[EventDate "2015.10.02"]
[EventType "team-tourn"]
[EventRounds "11"]
[EventCountry "AUT"]
[SourceTitle "EXT 2017"]
[Source "ChessBase"]
[SourceDate "2016.10.25"]
[SourceVersion "1"]
[SourceVersionDate "2016.10.25"]
[SourceQuality "1"]
[WhiteTeam "Fuerstenfeld/Hartberg"]
[BlackTeam "Wolfsberg"]
[WhiteTeamCountry "AUT"]
[BlackTeamCountry "AUT"]

1. e4 c5 2. Nf3 e6 3. g3 d6 4. Bg2 Nf6 5. Qe2 Be7 6. 0-0 0-0 7. c3 b6 8. d3 Nc6 9. Nbd2 Ba6 10. h3 Qc7 11. b3 Nd7 12. Bb2 Bf6 13. Rab1 d5 14. Rfd1 Rad8 15. Ne1 dxe4 16. Nxe4 Be7 17. Nc2 Rfe8 18. c4 e5 19. Ne3 Bb7 20. Nd5 Qb8 21. Qh5 Nd4 22. Bxd4 exd4 23. Re1 Bxd5 24. cxd5 g6 25. Qh6 Bf8 26. Qh4 Kg7 27. Nd2 Nf6 28. Nc4 h6 29. g4 Bd6 30. Nxd6 Qxd6 31. g5 hxg5 32. Qxg5 Nh5 0-1